Bricklaying (Record no. 81187)
[ view plain ]
| 000 -LEADER | |
|---|---|
| fixed length control field | 00879nam a2200193 a 4500 |
| 008 - FIXED-LENGTH DATA ELEMENTS--GENERAL INFORMATION | |
| fixed length control field | 120416s1954 ||||||||||||||||| || u |
| 050 ## - LIBRARY OF CONGRESS CALL NUMBER | |
| Classification number | TH 5501 Dal |
| 100 ## - MAIN ENTRY--PERSONAL NAME | |
| Personal name | Dalzell, James Ralph |
| 245 10 - TITLE STATEMENT | |
| Title | Bricklaying |
| 246 ## - | |
| -- | skill and practice |
| 250 ## - EDITION STATEMENT | |
| Edition statement | 2nd ed. |
| 260 ## - PUBLICATION, DISTRIBUTION, ETC. | |
| Place of publication, distribution, etc. | Chicago |
| Name of publisher, distributor, etc. | American Technical Society |
| Date of publication, distribution, etc. | 1954 |
| 300 ## - PHYSICAL DESCRIPTION | |
| Extent | vii, 195p. : ill. |
| 350 ## - | |
| -- | 0.00 |
| 700 ## - ADDED ENTRY--PERSONAL NAME | |
| Personal name | Burke, Arthur E |
| 995 ## - | |
| -- | ANNEX COLLECTION (Main Library) |
| -- | 0.00 |
| -- | 715017 |
| -- | CBU-MAIN LIBRARY (Kitwe) |
| -- | 2 |
| -- | 2.50 |
| -- | TH 5501 Dal |
| -- | AVAILABLE |
| -- | 015385 |
| -- | Annex Low-Usage Collection |
| 995 ## - | |
| -- | ANNEX COLLECTION (Main Library) |
| -- | 0.00 |
| -- | 715019 |
| -- | CBU-MAIN LIBRARY (Kitwe) |
| -- | 1 |
| -- | 2.50 |
| -- | TH 5501 Dal |
| -- | AVAILABLE |
| -- | 015384 |
| -- | Annex Low-Usage Collection |
| 995 ## - | |
| -- | ANNEX COLLECTION (Main Library) |
| -- | 0.00 |
| -- | 715018 |
| -- | CBU-MAIN LIBRARY (Kitwe) |
| -- | 3 |
| -- | 2.50 |
| -- | TH 5501 Dal |
| -- | AVAILABLE |
| -- | 015386 |
| -- | Annex Low-Usage Collection |
| 999 ## - | |
| -- | 81187 |
| -- | 81187 |
| Withdrawn status | Lost status | Source of classification or shelving scheme | Damaged status | Not for loan | Permanent Location | Current Location | Date acquired | Full call number | Barcode | Date last seen | Copy number | Price effective from | Koha item type | Shelving location | Total Checkouts |
|---|---|---|---|---|---|---|---|---|---|---|---|---|---|---|---|
| Withdrawn | CBU-MAIN LIBRARY, KITWE. | CBU-MAIN LIBRARY, KITWE. | 07/19/2023 | TH 5501 Dal | 015385 | 07/19/2023 | 1 | 07/19/2023 | MONOGRAPH | ||||||
| CBU-MAIN LIBRARY, KITWE. | CBU-MAIN LIBRARY, KITWE. | 07/19/2023 | TH 5501 Dal | 015384 | 07/19/2023 | 2 | 07/19/2023 | MONOGRAPH | |||||||
| CBU-MAIN LIBRARY, KITWE. | CBU-MAIN LIBRARY, KITWE. | 07/19/2023 | TH 5501 Dal | 015386 | 07/19/2023 | 3 | 07/19/2023 | MONOGRAPH |